| 000 | 00378nam a22001457a 4500 | ||
|---|---|---|---|
| 020 | _a9780072886252 | ||
| 040 | _cNUST | ||
| 082 | _a005.2768 BRA | ||
| 100 |
_aBradley, Julia Case _955564 |
||
| 110 |
_aMillspaugh, Anita C _9114050 |
||
| 245 | _aProgramming in C#.Net | ||
| 260 |
_aBoston: _bMcGraw-Hill, _c2003. |
||
| 650 |
_aProgramming in C#.Net _9114051 |
||
| 942 |
_2ddc _cBK |
||
| 999 |
_c595439 _d595439 |
||